00675nam a2200193Ia 4500008004100000040001800041041000800059100003700067245006800104250003400172260003300206300005000239490005000289500003800339500002200377650002900399650002400428650002900452130821s1957 ja a gr eng  aCo-BoUCMbspa00aeng1 aHarris, Seymour Edwind1897-197410aInternational and interregional economicscSeymour Edwin Harris aInternational Student Edition aTokio (Japón)bToshoc1957 axiv, 564 páginasbilustraciones, gráficas 0aEconomics Handbook Series / Seymour E. Harris aDonación Dr. Álvaro Daza Roa. aIncluye índice.04aEconomía internacional04aEconomía regional04aFinanzas internacionales